<?xml version="1.0" encoding="UTF-8"?>
<collection xmlns:xsi="http://www.w3.org/2001/XMLSchema-instance" xsi:schemaLocation="http://www.loc.gov/MARC21/slim http://www.loc.gov/standards/marcxml/schema/MARC21slim.xsd" xmlns="http://www.loc.gov/MARC21/slim">
 <record>
  <leader>00000cam a22000004i 4500</leader>
  <controlfield tag="001">UP-99796217612992062</controlfield>
  <controlfield tag="003">Buklod</controlfield>
  <controlfield tag="005">20190403125859.0</controlfield>
  <controlfield tag="006">t    grm    00| u|</controlfield>
  <controlfield tag="007">ta</controlfield>
  <controlfield tag="008">190403s2017    xx     d     r    |||| u|</controlfield>
  <datafield tag="020" ind1=" " ind2=" ">
   <subfield code="a">9781473967472 (pbk)</subfield>
  </datafield>
  <datafield tag="035" ind1=" " ind2=" ">
   <subfield code="a">(iLib)UPD-00398863993</subfield>
  </datafield>
  <datafield tag="040" ind1=" " ind2=" ">
   <subfield code="a">OUN</subfield>
   <subfield code="d">DEDUC</subfield>
   <subfield code="e">rda</subfield>
  </datafield>
  <datafield tag="041" ind1=" " ind2=" ">
   <subfield code="a">eng</subfield>
  </datafield>
  <datafield tag="042" ind1=" " ind2=" ">
   <subfield code="a">DMLUC</subfield>
  </datafield>
  <datafield tag="090" ind1=" " ind2=" ">
   <subfield code="a">LB 1028.24</subfield>
   <subfield code="b">M335 2017</subfield>
  </datafield>
  <datafield tag="100" ind1="1" ind2=" ">
   <subfield code="a">McNiff, Jean</subfield>
   <subfield code="e">author.</subfield>
  </datafield>
  <datafield tag="245" ind1="1" ind2="0">
   <subfield code="a">Action research</subfield>
   <subfield code="b">all you need to know</subfield>
   <subfield code="c">Jean McNiff.</subfield>
  </datafield>
  <datafield tag="264" ind1=" " ind2="1">
   <subfield code="a">Los Angeles</subfield>
   <subfield code="a">SAGE</subfield>
   <subfield code="c">2017.</subfield>
  </datafield>
  <datafield tag="300" ind1=" " ind2=" ">
   <subfield code="a">vi, 277 pages</subfield>
   <subfield code="b">illustrations</subfield>
   <subfield code="c">25 cm.</subfield>
  </datafield>
  <datafield tag="336" ind1=" " ind2=" ">
   <subfield code="a">text</subfield>
   <subfield code="2">rdacontent.</subfield>
  </datafield>
  <datafield tag="337" ind1=" " ind2=" ">
   <subfield code="a">unmediated</subfield>
   <subfield code="2">rdamedia.</subfield>
  </datafield>
  <datafield tag="338" ind1=" " ind2=" ">
   <subfield code="a">volume</subfield>
   <subfield code="2">rdacarrier.</subfield>
  </datafield>
  <datafield tag="504" ind1=" " ind2=" ">
   <subfield code="a">Includes bibliographical references (pages 263-271) and index.</subfield>
  </datafield>
  <datafield tag="505" ind1="0" ind2=" ">
   <subfield code="a">Part I: Why do I need to know? -- Chapter 1: What is action research? -- Chapter 2: Who can do action research?Chapter 3: The values base of action research -- Chapter 4: Critical times for action research -- Part II: Why do I need to know? -- Chapter 5: Why do action research? --Chapter 6: The responsibility of practitioner-researchers: contributing to new practices and new learning -- Chapter 7: The responsibility of practitioner-researchers: contributing to new thinking and ideas -- Chapter 8: The responsibility of practitioner-researchers: engaging with the literatures -- Part III: How do I find out? -- Chapter 9: Thinking about doing an action research project -- Chapter 10: Planning to do your action research -- Chapter 11: Carrying out your action plans -- Chapter 12: Evaluating the quality of your plans, practices and research -- Part IV: How do I generate  evidence to test the validity of my knowledge claim? -- Chapter 13: Monitoring practices and gathering data -- Chapter 14: Working with data: analysing, authenticating and interpreting -- Chapter 15: Generating evidence from the data and making knowledge claims: summary chapter -- Part V: How do I test and critique my knowledge? -- Chapter 16: Testing the validity of your knowledge claim -- Chapter 17: Establishing the legitimacy of your knowledge claim -- Part VI: How do I represent and communicate my knowledge? -- Chapter 18: Thinking about writing your dissertation -- Chapter 19: Writing up your dissertation -- Part VII: How do I show the significance pf my knowledge? -- Chapter 20: The significance of it all.</subfield>
  </datafield>
  <datafield tag="650" ind1=" " ind2="0">
   <subfield code="a">Action research.</subfield>
  </datafield>
  <datafield tag="905" ind1=" " ind2=" ">
   <subfield code="a">FO</subfield>
  </datafield>
  <datafield tag="852" ind1="0" ind2=" ">
   <subfield code="a">UPD</subfield>
   <subfield code="b">DEDUC</subfield>
   <subfield code="h">LB 1028.24</subfield>
   <subfield code="i">M335 2017</subfield>
  </datafield>
  <datafield tag="942" ind1=" " ind2=" ">
   <subfield code="a">Book</subfield>
  </datafield>
 </record>
</collection>
